| 000 | 00747cam a2200253 i 4500 | ||
|---|---|---|---|
| 001 | 4781 | ||
| 003 | BD-RjUL | ||
| 005 | 20211208233944.0 | ||
| 008 | 131223s1976 enkaf 000 0aeng | ||
| 020 | _a0905172000 | ||
| 035 | _a(BD-RjUL) 4816 | ||
| 040 |
_aDLC _cDLC _dDLC _beng |
||
| 041 | _aeng | ||
| 082 | 0 | 0 |
_a365.924 _bMII 1976 |
| 100 | 1 |
_aMiller, Alastair _915081 |
|
| 245 | 1 | 0 |
_aInside outside : _bthe story of a prison governor / _cAlastair Miller. |
| 260 |
_aLondon : _bQueensgate Press, _c1976. |
||
| 300 |
_axiv, 215 p., [4] leaves of plates : _bill. ; _c22 cm. |
||
| 600 | 1 | 0 |
_aMiller, Alastair. _950433 |
| 650 | 0 |
_aPrison wardens _zGreat Britain _xBiography. _915083 |
|
| 942 |
_2ddc _cBK |
||
| 999 |
_c4781 _d4781 |
||